[Event "NOR-chT Clubs"]
[Site "Drammen"]
[Date "2010.10.10"]
[Round "5"]
[White "Fredriksen, Jan Gunnar"]
[Black "Kvamme, Roy"]
[Result "0-1"]
[WhiteElo "1746"]
[BlackElo "2016"]
[PlyCount "76"]
[EventDate "2010.10.08"]
[EventType "team"]
[EventRounds "6"]
[EventCountry "NOR"]
[SourceTitle "EXT 2015"]
[Source "ChessBase"]
[SourceDate "2014.11.20"]
[SourceVersion "1"]
[SourceVersionDate "2014.11.20"]
[SourceQuality "1"]
[WhiteTeam "Akademisk"]
[BlackTeam "Honefoss"]
[WhiteTeamCountry "NOR"]
[BlackTeamCountry "NOR"]

1. b3 Nc6 2. c4 e5 3. Bb2 Bc5 4. e4 Nf6 5. d3 0-0 6. Be2 d6 7. Nc3 a5 8. Nf3 Ng4 9. 0-0 f5 10. h3 Nf6 11. Nd5 fxe4 12. Nxf6+ Qxf6 13. dxe4 Ne7 14. Bc1 Be6 15. Bg5 Qf7 16. Bh4 h6 17. Bg3 Ng6 18. Nh4 Nxh4 19. Bxh4 Qf4 20. Bg4 Bxg4 21. Qxg4 Qxg4 22. hxg4 Rf4 23. Kh2 Rxg4 24. Bg3 Rxe4 25. Rad1 Re2 26. f4 exf4 27. Rxf4 Rf8 28. Rg4 g5 29. Rd5 Rxa2 30. Bh4 Be3 31. c5 Bf4+ 32. Bg3 Bxg3+ 33. Rxg3 dxc5 34. Rxc5 Rf7 35. Kh3 a4 36. b4 Rb2 37. Rc4 b5 38. Rd4 Kg7 0-1